Missing Word: Movies 'of the' 80s Quiz Stats

 Plays Quiz Updated Jul 26, 2021

Support Sporcle.
Go Orange.
Score 0/22 Timer 04:00
0 Plays Today
Movie Missing Word % Correct
___ of the Lost ArkRaiders
92.7%
___ of the JediReturn
92.3%
The ___ of the OperaPhantom
90.4%
___ of the CornChildren
89%
Just ___ of the GuysOne
88.2%
___ of the TitansClash
86.4%
___ of the NerdsRevenge
84.5%
___ of the NeedleEye
79.1%
The Dark ___ of the SunSide
78.8%
___ of the Spider WomanKiss
71.7%
___ of the BestBest
67.3%
Movie Missing Word % Correct
___ of the DeadDay
61.9%
Elvira: ___ of the DarkMistress
60%
The ___ of the Cave BearClan
59.7%
___ of the UniverseMasters
56.2%
___ of the SunEmpire
53%
The ___ of the RoseName
51.6%
The ___ of the NileJewel
46.9%
___ of the CreepsNight
41.6%
___ of the CenturyDeal
38.2%
___ of the DragonYear
26.3%
___ of the NightStill
10.7%

Today's Daily Dose

Missing Word
Inventors

Word Ladder
Feud Chain

Get the Picture
Domestic Movie Titles

From the Vault

North American City by Landmark II

by jonesjeffum

Why is everything in America so pointy?
Remove Ads.
Support Sporcle.
Get the best of Sporcle when you Go Orange. This ad-free experience offers more features, more stats, and more fun while also helping to support Sporcle. Thank you for becoming a member.

Show Comments

Extras

Top Quizzes Today


Score Distribution

Your Account Isn't Verified!

In order to create a playlist on Sporcle, you need to verify the email address you used during registration. Go to your Sporcle Settings to finish the process.

Report this User

Report this user for behavior that violates our Community Guidelines.

Details: